[Event "Frankfurt Ch 2012"]
[Site "Ffm-Kalbach, LAZ"]
[Date "2012.05.21"]
[Round "4.51"]
[White "Willenbring, Jens-Dirk"]
[Black "Lemonidis, Christos"]
[Result "1-0"]
[WhiteElo "1522"]
[BlackElo "1702"]
[PlyCount "31"]
[EventDate "2012.??.??"]
[WhiteTeam "Bad Vilbeler Sfr.1985"]
[BlackTeam "SC 1961 König Nied"]

1. e4 d6 2. d4 g6 3. g3 Bg7 4. Bg2 Nd7 5. c3 e5 6. Be3 Ngf6 7. Nd2 O-O 8. Bg5
h6 9. Be3 Re8 10. d5 Nc5 11. Bxc5 dxc5 12. c4 Bd7 13. Ne2 Qc8 14. Nc3 Nh7 15.
Nb3 b6 16. Qe2 1-0

[Event "Frankfurt Ch 2012"]
[Site "Ffm-Kalbach, LAZ"]
[Date "2012.05.21"]
[Round "4.52"]
[White "Crnjac, Zdravko"]
[Black "Plattner, Rolf"]
[Result "0-1"]
[WhiteElo "1468"]
[BlackElo "1680"]
[PlyCount "88"]
[EventDate "2012.??.??"]
[WhiteTeam "SAbt TSG Nieder-Erlenbach 1888"]
[BlackTeam "SK Langen"]

1. e4 c5 2. f4 d5 3. e5 Nc6 4. Nf3 e6 5. Bb5 Bd7 6. O-O Nxe5 7. Nxe5 Bxb5 8. d3
Nf6 9. f5 Bd6 10. Ng4 e5 11. Bg5 h6 12. Bh4 h5 13. Bxf6 gxf6 14. Nf2 Qc7 15.
Re1 O-O-O 16. Nc3 Bc6 17. a4 e4 18. Nb5 Bxh2+ 19. Kh1 Bxb5 20. axb5 Bg3 21. Re2
Kb8 22. Nh3 Qb6 23. Ra3 h4 24. Qa1 Rhe8 25. dxe4 Rxe4 26. Qd1 Rde8 27. Ng1 d4
28. c4 R4e5 29. Rxe5 fxe5 30. Qh5 Qf6 31. Rd3 e4 32. Rd2 Bc7 33. Qg4 Qe5 34.
Qh3 Qf4 35. Re2 Rg8 36. Rxe4 Qxe4 37. Nf3 Qb1+ 38. Ng1 Qxb2 39. Qf3 d3 40. Qd5
Qxg2+ 41. Qxg2 Rxg2 42. Kxg2 d2 43. Nf3 d1=Q 44. Nxh4 Qg4+ 0-1

[Event "Frankfurt Ch 2012"]
[Site "Ffm-Kalbach, LAZ"]
[Date "2012.05.21"]
[Round "4.53"]
[White "Mook, Karl-Jürgen"]
[Black "Becker, Karl-Heinz"]
[Result "0-1"]
[WhiteElo "1278"]
[BlackElo "1652"]
[PlyCount "104"]
[EventDate "2012.??.??"]
[WhiteTeam "Sfr. Frankfurt 1921"]
[BlackTeam "SSg Rödermark/Eppertshausen"]

1. Nf3 Nf6 2. g3 d5 3. d3 c5 4. Bg2 Nc6 5. O-O Bg4 6. Nbd2 e6 7. e4 Be7 8. Re1
Qc7 9. Nf1 dxe4 10. dxe4 Rd8 11. Bd2 h6 12. Qc1 Nd4 13. Nxd4 Rxd4 14. Bc3 Rd7
15. Ne3 Bh5 16. Nc4 O-O 17. h3 Rdd8 18. Qe3 Nd7 19. f4 f6 20. Bf3 Bxf3 21. Qxf3
Nb8 22. Rad1 Nc6 23. Qf2 b5 24. Ne3 c4 25. a3 Bc5 26. Kg2 Qb6 27. Qe2 Nd4 28.
Bxd4 Bxd4 29. c3 Bxe3 30. Rxd8 Rxd8 31. Qxe3 Qxe3 32. Rxe3 Rd2+ 33. Kf3 Rxb2
34. g4 Rh2 35. Kg3 Rc2 36. e5 Kf7 37. f5 fxe5 38. Kf3 exf5 39. gxf5 Kf6 40. Ke4
Rd2 41. Rf3 Rd3 42. Rxd3 cxd3 43. Kxd3 Kxf5 44. c4 bxc4+ 45. Kxc4 Kf4 46. Kd3
Kf3 47. Kd2 e4 48. Ke1 g5 49. Kf1 h5 50. Kg1 Ke2 51. Kg2 Kd2 52. Kf2 e3+ 0-1

[Event "Frankfurt Ch 2012"]
[Site "Ffm-Kalbach, LAZ"]
[Date "2012.05.21"]
[Round "4.54"]
[White "Arnold, Michael"]
[Black "Bernhardt, Winfried"]
[Result "1/2-1/2"]
[WhiteElo "1703"]
[BlackElo "1304"]
[PlyCount "128"]
[EventDate "2012.??.??"]
[WhiteTeam "SK Langen"]
[BlackTeam "SV 1997 Nauheim"]

1. e4 e5 2. Nf3 d6 3. Bc4 h6 4. O-O Nf6 5. Re1 Be7 6. d4 Nbd7 7. dxe5 dxe5 8.
Nc3 c6 9. h3 Qc7 10. Be3 b5 11. Bd3 Bc5 12. Qe2 Bxe3 13. Qxe3 O-O 14. Nh4 Nb6
15. Nf5 Bxf5 16. exf5 Rae8 17. Ne4 Nxe4 18. Qxe4 Nd7 19. Qh4 Nf6 20. Re3 Nh7
21. Rae1 f6 22. c4 b4 23. Bc2 Rd8 24. c5 Rd4 25. Re4 Rfd8 26. Rxd4 exd4 27.
Bb3+ Kh8 28. Qxd4 Rb8 29. Rd1 Nf8 30. Qc4 Nh7 31. Qe6 Ng5 32. Qd7 Qxd7 33. Rxd7
Ne4 34. Rxa7 Nxc5 35. Bf7 Nd3 36. Rc7 Ne5 37. Bb3 h5 38. Bd1 h4 39. Be2 g5 40.
fxg6 Nxg6 41. Rxc6 Nf4 42. Bg4 Kg7 43. Rc4 Ng6 44. Bh5 b3 45. a3 Rd8 46. Rb4
Rd3 47. Be2 Rd2 48. Bc4 Rxb2 49. Rxb3 Rc2 50. Bd5 Kh6 51. Be4 Rc1+ 52. Kh2 Nf4
53. a4 Ra1 54. Bc6 Ne6 55. Rf3 Kg5 56. Re3 Nc5 57. Rc3 Nxa4 58. Bxa4 Rxa4 59.
g3 hxg3+ 60. Kxg3 f5 61. Rc5 Ra3+ 62. f3 Rd3 63. Rc4 Rd5 64. Ra4 Rb5 1/2-1/2

[Event "Frankfurt Ch 2012"]
[Site "Ffm-Kalbach, LAZ"]
[Date "2012.05.21"]
[Round "4.55"]
[White "Günther, Rainer"]
[Black "Sallwey, Rainer"]
[Result "0-1"]
[WhiteElo "1603"]
[BlackElo "1561"]
[PlyCount "44"]
[EventDate "2012.??.??"]
[WhiteTeam "SV Mainz-Mombach"]
[BlackTeam "SK Langen"]

1. e4 e5 2. Nf3 Nc6 3. d4 exd4 4. Nxd4 Qf6 5. c3 Bc5 6. Be3 Bb6 7. g3 Nge7 8.
Qd2 h6 9. Na3 Ne5 10. Be2 d6 11. h3 c5 12. f4 cxd4 13. fxe5 dxe3 14. Qd3 Qxe5
15. O-O-O Be6 16. Nc4 Bxc4 17. Qxc4 O-O 18. g4 Rac8 19. Qd3 Ng6 20. Rhf1 Nf4
21. Qc2 Nxe2+ 22. Qxe2 Qxe4 0-1

[Event "Frankfurt Ch 2012"]
[Site "Ffm-Kalbach, LAZ"]
[Date "2012.05.21"]
[Round "4.56"]
[White "Imelmann, Esther"]
[Black "Lehmann, Gerit"]
[Result "1-0"]
[WhiteElo "1599"]
[BlackElo "1407"]
[PlyCount "111"]
[EventDate "2012.??.??"]
[WhiteTeam "SC 1961 König Nied"]
[BlackTeam "Sfr. Frankfurt 1921"]

1. d4 d5 2. c4 e6 3. Nc3 Nf6 4. Nf3 c6 5. Bg5 Be7 6. e3 Nbd7 7. Bd3 dxc4 8.
Bxc4 Nd5 9. Bxe7 Qxe7 10. Rc1 Qb4 11. Qe2 N7b6 12. Bb3 Nxc3 13. bxc3 Qe7 14. e4
O-O 15. e5 Bd7 16. Qe4 f6 17. Qh4 Rf7 18. O-O h6 19. Rfe1 f5 20. a4 Qxh4 21.
Nxh4 g5 22. Nf3 Nd5 23. a5 Rff8 24. Nd2 b6 25. Nc4 bxa5 26. Nd6 Kg7 27. Re2
Rfb8 28. Bc4 Rb6 29. Ra2 Rab8 30. Rxa5 a6 31. Rxa6 Rxa6 32. Bxa6 Rb3 33. c4 Nc3
34. Kf1 Rb1 35. Rxb1 Nxb1 36. Ke2 Nc3+ 37. Kd3 Na4 38. Bc8 Nb6 39. Bb7 Kf8 40.
f3 Ke7 41. g4 f4 42. Ne4 Be8 43. Kc3 Bg6 44. Bxc6 Nd7 45. Nd2 Nf8 46. Kb4 Bd3
47. c5 Ng6 48. Be4 Bxe4 49. Nxe4 Nh4 50. Nd2 Kd7 51. Kb5 Kc7 52. c6 Ng2 53. d5
exd5 54. e6 Kd6 55. Kb6 Kxe6 56. c7 1-0

[Event "Frankfurt Ch 2012"]
[Site "Ffm-Kalbach, LAZ"]
[Date "2012.05.21"]
[Round "4.57"]
[White "Stulken, Dietmar"]
[Black "Popp, Matthias"]
[Result "1-0"]
[WhiteElo "1418"]
[BlackElo "1519"]
[PlyCount "108"]
[EventDate "2012.??.??"]
[WhiteTeam "Sfr. Frankfurt 1921"]
[BlackTeam "SC Bergen-Enkheim 1922"]

1. e4 c5 2. c3 Nc6 3. d4 e6 4. Nf3 d5 5. exd5 exd5 6. Be3 cxd4 7. Nxd4 Nf6 8.
Be2 Be7 9. O-O O-O 10. c4 dxc4 11. Bxc4 Ng4 12. Nxc6 bxc6 13. Bf4 Bf6 14. Nc3
Qb6 15. Qc2 Qd4 16. Qe4 Qxe4 17. Nxe4 Bxb2 18. Rab1 Be5 19. Bxe5 Nxe5 20. Bb3
Bf5 21. f3 Rfd8 22. Rbd1 Kf8 23. Nc5 Rab8 24. Rfe1 Nd3 25. Nxd3 Rxd3 26. Rc1
Bd7 27. Rc5 Rb5 28. Rc2 f6 29. Bc4 Re5 30. Bxd3 Rxe1+ 31. Kf2 Rh1 32. Kg3 f5
33. Rc5 g6 34. f4 Rd1 35. Ba6 Rb1 36. Ra5 Be6 37. a3 Rb6 38. Be2 Rb7 39. Bf3
Rc7 40. Kf2 Ke7 41. Ke3 c5 42. Kd3 Kd7 43. Kc3 h6 44. Rb5 Kc8 45. g3 Bd7 46.
Rb2 Bc6 47. Be2 Bd5 48. Ba6+ Kd7 49. Rd2 Kc6 50. a4 Bf7 51. Bb5+ Kb6 52. Rd6+
Kb7 53. Ba6+ Kb8 54. Rd8+ Rc8 1-0

[Event "Frankfurt Ch 2012"]
[Site "Ffm-Kalbach, LAZ"]
[Date "2012.05.21"]
[Round "4.58"]
[White "Mehl, Ulrich"]
[Black "Möller, Wolfgang"]
[Result "1-0"]
[WhiteElo "1553"]
[BlackElo "1452"]
[PlyCount "61"]
[EventDate "2012.??.??"]
[WhiteTeam "SAbt TSG Nieder-Erlenbach 1888"]
[BlackTeam "SF Vonkeln 1931"]

1. d4 Nf6 2. c4 e6 3. Nc3 Bb4 4. Nf3 O-O 5. Bf4 d5 6. e3 c6 7. Bd3 dxc4 8. Bxc4
Ne4 9. Qb3 Nxc3 10. bxc3 Be7 11. O-O Nd7 12. Qc2 Nf6 13. e4 Nh5 14. Be3 g6 15.
Bh6 Ng7 16. e5 Re8 17. Rad1 b6 18. Bd3 Bb7 19. Be4 Qc7 20. h4 Nf5 21. Bxf5 gxf5
22. Qd2 f6 23. Qf4 Kh8 24. Bg7+ Kg8 25. Qg3 Bd8 26. Bxf6+ Kf8 27. Qg5 Qf7 28.
Qh6+ Kg8 29. h5 Bxf6 30. exf6 Kh8 31. Ng5 1-0

[Event "Frankfurt Ch 2012"]
[Site "Ffm-Kalbach, LAZ"]
[Date "2012.05.21"]
[Round "4.60"]
[White "Fischer, Lutz"]
[Black "Kirschner, Matthias"]
[Result "1/2-1/2"]
[WhiteElo "1530"]
[BlackElo "1431"]
[PlyCount "54"]
[EventDate "2012.??.??"]
[WhiteTeam "Sfr. Frankfurt 1921"]
[BlackTeam "SV 1997 Nauheim"]

1. e4 d6 2. d4 Nf6 3. Nc3 e5 4. dxe5 dxe5 5. Qxd8+ Kxd8 6. Nf3 Bd6 7. Be3 Nc6
8. Bc4 Be6 9. Bxe6 fxe6 10. O-O-O Ke7 11. a3 a6 12. Rd2 b5 13. Rhd1 Rhb8 14.
Re2 b4 15. axb4 Bxb4 16. Bd2 Bd6 17. Be3 Rb7 18. Nd2 Rab8 19. b3 Ba3+ 20. Kb1
Bd6 21. f3 Nd4 22. Bxd4 exd4 23. e5 dxc3 24. exd6+ cxd6 25. Ne4 Nxe4 26. Rxe4
d5 27. Rxd5 Rb5 1/2-1/2

[Event "Frankfurt Ch 2012"]
[Site "Ffm-Kalbach, LAZ"]
[Date "2012.05.21"]
[Round "4.61"]
[White "Kirchmann, Gerhard"]
[Black "Bergner, Matthias"]
[Result "0-1"]
[WhiteElo "1428"]
[BlackElo "1514"]
[PlyCount "142"]
[EventDate "2012.??.??"]
[WhiteTeam "SC Groß-Umstadt"]
[BlackTeam "SF Hannover"]

1. b4 d5 2. e3 e6 3. b5 c6 4. Bb2 Nf6 5. Nc3 Bd7 6. a4 a6 7. Nf3 axb5 8. axb5
Rxa1 9. Qxa1 Be7 10. Ne5 Qc7 11. f4 O-O 12. Be2 Bd6 13. Nxd7 Nbxd7 14. O-O d4
15. Nd1 dxe3 16. dxe3 Be7 17. Nc3 Nb6 18. e4 Ra8 19. Qc1 Rd8 20. Kh1 Bf8 21.
Qe3 Nbd7 22. Na4 cxb5 23. Bxb5 Qxc2 24. e5 Nd5 25. Qf3 Qc7 26. Rc1 Qa5 27. Qf1
g6 28. g3 Qa8 29. Qc4 Kg7 30. Bd4 Be7 31. Ra1 Qb8 32. Nb2 Rc8 33. Qb3 Qc7 34.
Nd3 Nc5 35. Nxc5 Bxc5 36. Rc1 b6 37. Rc4 Qb7 38. Qf3 Bxd4 39. Rxd4 Rc1+ 40. Kg2
Ne3+ 41. Kf2 Nd5 42. g4 Qc7 43. Kg3 Rc3 44. Rd3 Rxd3 45. Qxd3 Qc5 46. f5 exf5
47. gxf5 Qg1+ 48. Kf3 Qh1+ 49. Kg3 Qe1+ 50. Kf3 Qxe5 51. Bc4 Qf4+ 52. Ke2 Qxh2+
53. Kd1 Qg1+ 54. Kc2 Ne3+ 55. Kb3 Nxc4 56. Qc3+ f6 57. Qxc4 Qc5 58. Qe6 Qxf5
59. Qe7+ Kh6 60. Qf8+ Kh5 61. Qb4 g5 62. Qxb6 h6 63. Qg1 Qf3+ 64. Kc4 Qg4+ 65.
Qd4 Qxd4+ 66. Kxd4 Kg4 67. Ke3 Kg3 68. Ke4 h5 69. Kf5 h4 70. Kxf6 g4 71. Kg5 h3
0-1

[Event "Frankfurt Ch 2012"]
[Site "Ffm-Kalbach, LAZ"]
[Date "2012.05.21"]
[Round "4.62"]
[White "Lanz, Jürgen"]
[Black "Honert, Stefan"]
[Result "1-0"]
[WhiteElo "1468"]
[BlackElo "1345"]
[PlyCount "43"]
[EventDate "2012.??.??"]
[WhiteTeam "SC 1979 Hattersheim"]
[BlackTeam "Sfr. Frankfurt 1921"]

1. d4 d5 2. c4 c6 3. Nc3 dxc4 4. e3 b5 5. a4 b4 6. Ne4 Qd5 7. Qf3 e6 8. Nh3 Be7
9. Nf4 Qa5 10. Bxc4 Ba6 11. Bxa6 Qxa6 12. Nh5 Kf8 13. b3 Nd7 14. Bb2 Ngf6 15.
Nf4 Rc8 16. Nxf6 Nxf6 17. Kd2 c5 18. Rhc1 cxd4 19. Bxd4 Rd8 20. Rc6 Qb7 21. Ke1
Bd6 22. Rxd6 1-0